Bridging Education and Employment: Importance of Soft Skills among Economics Students (A Slovak Study – Part 1/4: Undrestanding Soft Skills in Business Negotiations)

Skúmanie úlohy mäkkých zručností pri zvyšovaní zamestnateľnosti študentov ekonómie na Slovensku.

Na minha lista:
Detalhes bibliográficos
Autor principal: Krajčík Danišová, Sonia, 1981-
Outros Autores: Krajčovičová, Linda, 1987-
Formato: Capítulo de Livro
Idioma:inglês
Assuntos:
Tags: Adicionar Tag
Sem tags, seja o primeiro a adicionar uma tag!

MARC

LEADER 00000naa$a2200000$$$4500
001 0311749
005 20250730120048.4
041 0 |a eng 
044 |a CZ 
245 1 0 |a Bridging Education and Employment: Importance of Soft Skills among Economics Students (A Slovak Study – Part 1/4: Undrestanding Soft Skills in Business Negotiations)  |c Sonia Krajčík Danišová, Linda Krajčovičová 
520 |a Skúmanie úlohy mäkkých zručností pri zvyšovaní zamestnateľnosti študentov ekonómie na Slovensku. 
610 2 0 |a zručnosti mäkké 
610 2 0 |a študenti 
610 2 0 |a ekonómia 
610 2 0 |a zamestnanosť 
610 2 0 |a vzdelávanie vysokoškolské 
610 2 0 |a trh práce 
610 2 0 |a komunikácia 
610 2 0 |a pedagogika 
610 2 0 |a kompetencie 
610 2 0 |a absolventi 
610 2 0 |a univerzity 
610 2 0 |a spolupráca intelektuálna 
610 2 0 |a spolupráca vedecká 
610 2 0 |a podnik 
100 1 |a Krajčík Danišová, Sonia, 1981- 
700 1 |a Krajčovičová, Linda, 1987-